Spain national football team captains Quiz Stats

 Plays Quiz not verified by Sporcle

Score 0/35 Timer 05:00
0 Plays Today
Tournament Player % Correct
1930 FIFA World CupDNP
100%
1938 FIFA World CupDNP
99.7%
1954 FIFA World CupDNP
99.7%
1958 FIFA World CupDNP
99.7%
1960 UEFA EuroDNP
99.7%
1968 UEFA EuroDNP
99.7%
1970 FIFA World CupDNP
99.7%
1972 UEFA EuroDNP
99.7%
1974 FIFA World CupDNP
99.7%
1976 UEFA EuroDNP
99.7%
1992 UEFA EuroDNP
99.7%
2008 UEFA EuroIker Casillas
97.4%
2010 FIFA World CupIker Casillas
97.4%
2012 UEFA EuroIker Casillas
97.4%
2014 FIFA World CupIker Casillas
97.4%
2016 UEFA EuroSergio Ramos
94.7%
2004 UEFA EuroRaúl González Blanco
94.1%
2006 FIFA World CupRaúl González Blanco
94.1%
Tournament Player % Correct
2000 UEFA EuroFernando Hierro
88%
2002 FIFA World CupFernando Hierro
88%
1994 FIFA World CupAndoni Zubizarreta
70.4%
1996 UEFA EuroAndoni Zubizarreta
70.4%
1998 FIFA World CupAndoni Zubizarreta
70.4%
1990 FIFA World CupEmilio Butragueño
50.6%
1978 FIFA World CupJosé Martínez Sánchez 'Pirri'
29.6%
1982 FIFA World CupLuis Arconada
26.7%
1984 UEFA EuroLuis Arconada
26.7%
1986 FIFA World CupJose Antonio Camacho
26.7%
1988 UEFA EuroJose Antonio Camacho
26.7%
1934 FIFA World CupRicardo Zamora
23.6%
1980 UEFA EuroJuan Manuel Asensi
7.5%
1966 FIFA World CupIgnacio Zoco
5.5%
1950 FIFA World CupAgustín Gaínza
2.9%
1964 UEFA EuroFerran Olivella
2%
1962 FIFA World CupEnrique Collar
1.5%

You're not logged in!

Compare scores with friends on all Sporcle quizzes.
OR
Log In

Show Comments

Extras

Top Quizzes Today


Score Distribution

Your Account Isn't Verified!

In order to create a playlist on Sporcle, you need to verify the email address you used during registration. Go to your Sporcle Settings to finish the process.

Report this User

Report this user for behavior that violates our Community Guidelines.

Details: